|
|
|
|
| LEADER |
01182naa a2200289 i 4500 |
| 001 |
acta76201 |
| 005 |
20221108134840.0 |
| 008 |
220712s2021 hu o 1|| eng d |
| 020 |
|
|
|a 978-963-306-790-1
|
| 040 |
|
|
|a SZTE Egyetemi Kiadványok Repozitórium
|b hun
|
| 041 |
|
|
|a eng
|
| 100 |
1 |
|
|a Jakab Péter
|
| 245 |
1 |
0 |
|a Influence of foliar fertilization on yield and grain quality of corn
|h [elektronikus dokumentum] /
|c Jakab Péter
|
| 260 |
|
|
|a University of Szeged Faculty of Agriculture
|b Hódmezővásárhely
|c 2021
|
| 300 |
|
|
|a 39
|
| 490 |
0 |
|
|a Wellmann International Scientific Conference
|
| 650 |
|
4 |
|a Mezőgazdaság-tudományok
|
| 650 |
|
4 |
|a Mezőgazdaság, erdészet, halászat
|
| 695 |
|
|
|a Kukoricatermesztés - előadáskivonat, Trágyázás - növénytermesztés - előadáskivonat
|
| 700 |
0 |
1 |
|a Ódry Levente
|e aut
|
| 700 |
0 |
1 |
|a Monostori Tamás
|e aut
|
| 700 |
0 |
1 |
|a Csontos Györgyi
|e aut
|
| 700 |
0 |
1 |
|a Sárvári Mihály
|e aut
|
| 700 |
0 |
1 |
|a Kristó István
|e aut
|
| 700 |
0 |
1 |
|a Komarek Levente
|e aut
|
| 710 |
|
|
|a Wellmann International Scientific Conference (18.) (2021)
|
| 856 |
4 |
0 |
|u http://acta.bibl.u-szeged.hu/76201/1/wellmann_abstracts_2021_039.pdf
|z Dokumentum-elérés
|